Poverty within poverty a study of the weaker sections in a decean village (Record no. 171979)
[ view plain ]
| 000 -LEADER | |
|---|---|
| fixed length control field | 00628nam a2200217Ia 4500 |
| 003 - CONTROL NUMBER IDENTIFIER | |
| control field | OSt |
| 005 - DATE AND TIME OF LATEST TRANSACTION | |
| control field | 20230511141504.0 |
| 008 - FIXED-LENGTH DATA ELEMENTS--GENERAL INFORMATION | |
| fixed length control field | 210423s1973 xx 000 0 und d |
| 040 ## - CATALOGING SOURCE | |
| Transcribing agency | AL |
| 041 ## - LANGUAGE CODE | |
| Language code of text/sound track or separate title | eng |
| 082 ## - DEWEY DECIMAL CLASSIFICATION NUMBER | |
| Classification number | 307.1772 |
| Edition number | 23 |
| Item number | KAMP |
| 100 ## - MAIN ENTRY--PERSONAL NAME | |
| Personal name | KAMBLE (N D) |
| 9 (RLIN) | 103121 |
| 245 ## - TITLE STATEMENT | |
| Title | Poverty within poverty a study of the weaker sections in a decean village |
| 260 ## - PUBLICATION, DISTRIBUTION, ETC. | |
| Place of publication, distribution, etc. | Kottaym |
| Name of publisher, distributor, etc. | Allied Publishers |
| Date of publication, distribution, etc. | 1973 |
| 300 ## - PHYSICAL DESCRIPTION | |
| Extent | 134 |
| Other physical details | HB |
| 365 ## - TRADE PRICE | |
| Price amount | 35 |
| Currency code | INR |
| 650 ## - SUBJECT ADDED ENTRY--TOPICAL TERM | |
| Topical term or geographic name entry element | Communities |
| 9 (RLIN) | 103122 |
| 650 ## - SUBJECT ADDED ENTRY--TOPICAL TERM | |
| Topical term or geographic name entry element | Sociology |
| 9 (RLIN) | 103123 |
| 906 ## - LOCAL DATA ELEMENT F, LDF (RLIN) | |
| a | decean ; Poverty ; sections ; study ; village ; weaker ; within |
| 942 ## - ADDED ENTRY ELEMENTS (KOHA) | |
| Source of classification or shelving scheme | Dewey Decimal Classification |
| Koha item type | Book |
| Withdrawn status | Lost status | Damaged status | Not for loan | Collection code | Home library | Current library | Date acquired | Source of acquisition | Cost, normal purchase price | Total Checkouts | Full call number | Barcode | Date last seen | Price effective from | Koha item type |
|---|---|---|---|---|---|---|---|---|---|---|---|---|---|---|---|
| MSW | St Aloysius PG Library | St Aloysius PG Library | 11/06/2001 | Book World | 35.00 | 307.1772 KAMP | PG018516 | 08/24/2022 | 04/26/2021 | Book |